| 000 | 00359pam a2200157a 44500 | ||
|---|---|---|---|
| 008 | 230515b1967 xxu||||| |||| 00| 0 eng d | ||
| 020 | _aNULL | ||
| 041 | _aENGLISH | ||
| 082 | _aNULL | ||
| 100 | _aYUAN S W | ||
| 245 | _aFOUDATION OF FLUID MECH | ||
| 250 | _a1967 | ||
| 260 |
_aDELHI _bPHI LEARNING PVT. LTD _c1967 |
||
| 300 | _aXXII/608 | ||
| 650 | _aNULL | ||
| 999 |
_c661461 _d661461 |
||